000 00362nam a2200145Ia 4500
008 191201s2005 xx 000 0 und d
082 _a333.707
_bSHC
100 _aBANSAL, Vashishta
245 0 _aEssentials of Environmental Studies
250 _a2nd
260 _aN.Delhi
_bDhanpat Rai Pub (P) Ltd
_c2005
300 _a206
650 _aApplied
942 _2ddc
_cBK
999 _c866
_d866